Statistiques concernant Stations de Ski

Cliquez ici pour prendre le quiz!

Statistiques générales

  • Ce quiz a été pris 340 fois
  • Le résultat moyen est 11 sur 20

Statistiques - réponses

Stations% Correct
Courchevel
86%
Val Thorens
79%
Chamonix
72%
La Plagne
71%
Meribel
70%
Val d'Isère
68%
Tignes
67%
Les Arcs
66%
Avoriaz
63%
Megève
56%
Les Menuires
52%
Alpe d'Huez
46%
La Clusaz
46%
Les Deux Alpes
45%
Les Gets
32%
Le Grand Bornand
30%
Châtel
29%
Saint Gervais/Les contamines
28%
Flaine/Morillon
25%
Val Cenis
20%

Distribution des résultats

Percentile par nombre de réponses

% des personnes avec chaque résultat

Votre développement - résultats

Vous n’avez pas pris ce quiz